[Event "Berlin op 11"]
[Site "Berlin"]
[Date "2005.11.06"]
[Round "4"]
[White "Toebs, Robin"]
[Black "Chernova, Margarita"]
[Result "0-1"]
[WhiteElo "833"]
[BlackElo "1098"]
[PlyCount "46"]
[EventDate "2005.11.05"]
[EventType "swiss"]
[EventRounds "7"]
[EventCountry "GER"]
[SourceTitle "EXT 2007"]
[Source "ChessBase"]
[SourceDate "2006.11.23"]
[SourceVersion "1"]
[SourceVersionDate "2006.11.23"]
[SourceQuality "1"]

1. e4 e5 2. Nf3 Nc6 3. Bc4 Nf6 4. Ng5 d5 5. exd5 Nxd5 6. Nxf7 Kxf7 7. Qf3+ Ke8 8. Bxd5 Qf6 9. Bxc6+ Qxc6 10. Qh5+ Kd8 11. Qxe5 Qxg2 12. Rf1 Bd6 13. Qd4 Re8+ 14. Qe3 Rxe3+ 15. dxe3 Bh3 16. Nd2 Qxh2 17. b3 Bxf1 18. Nxf1 Bb4+ 19. Bd2 Bxd2+ 20. Kxd2 Qxf2+ 21. Kd3 Ke7 22. Nd2 Rd8+ 23. Kc3 Qxd2+ 0-1